| 000 | 01101cam a22002897i 4500 | ||
|---|---|---|---|
| 999 |
_c530134 _d530134 |
||
| 001 | 17218847 | ||
| 005 | 20191010173346.0 | ||
| 008 | 120320s2012 njua 001 0 eng | ||
| 010 | _a 2012935799 | ||
| 020 | _a9781118244807 | ||
| 020 | _z9781118333235 (ebk.) | ||
| 020 | _z9781118330449 (ebk.) | ||
| 020 | _z9781118331156 (ebk.) | ||
| 040 |
_aDLC _cDLC |
||
| 082 |
_a604.2 _bCHA |
||
| 100 | 1 |
_aChappell, Eric, _d1972- _eauthor. _923484 |
|
| 245 | 1 | 0 |
_aAUTOCAD CIVIL 3D 2013 : _bESSENTIALS / _cEric Chappell. |
| 264 | 1 |
_aHoboken, NJ : _bJohn Wiley & Sons, Inc., _c[2012] |
|
| 300 |
_axix, 380 pages : _bcolor illustrations ; _c24 cm. |
||
| 500 | _aIncludes index. | ||
| 630 | 0 | 0 |
_aAutoCAD Civil 3D. _923485 |
| 650 | 0 |
_aEngineering graphics. _97938 |
|
| 856 | 4 | 2 |
_3Contributor biographical information _uhttp://www.loc.gov/catdir/enhancements/fy1606/2012935799-b.html |
| 856 | 4 | 2 |
_3Publisher description _uhttp://www.loc.gov/catdir/enhancements/fy1606/2012935799-d.html |
| 856 | 4 | 1 |
_3Table of contents only _uhttp://www.loc.gov/catdir/enhancements/fy1606/2012935799-t.html |
| 942 |
_2ddc _cBK |
||